Henderson on corporate strategy
Đã lưu trong:
| Tác giả chính: | |
|---|---|
| Định dạng: | Sách |
| Ngôn ngữ: | Undetermined |
| Được phát hành: |
Cambridge
Abt Books
1979
|
| Những chủ đề: | |
| Các nhãn: |
Thêm thẻ
Không có thẻ, Là người đầu tiên thẻ bản ghi này!
|
| Thư viện lưu trữ: | Trung tâm Học liệu Trường Đại học Cần Thơ |
|---|
| LEADER | 00475nam a2200181Ia 4500 | ||
|---|---|---|---|
| 001 | CTU_86164 | ||
| 008 | 210402s9999 xx 000 0 und d | ||
| 082 | |a 658.4 | ||
| 082 | |b H496 | ||
| 100 | |a Henderson, Bruce D. | ||
| 245 | 0 | |a Henderson on corporate strategy | |
| 245 | 0 | |c Bruce D. Henderson | |
| 260 | |a Cambridge | ||
| 260 | |b Abt Books | ||
| 260 | |c 1979 | ||
| 650 | |a Business planning | ||
| 904 | |i Năm | ||
| 980 | |a Trung tâm Học liệu Trường Đại học Cần Thơ | ||